书目信息 |
| 题名: |
串珠集
|
|
| 作者: | 董凤芹 编著 | |
| 分册: | ||
| 出版信息: | 哈尔滨 黑龙江人民出版社 2021 |
|
| 页数: | 316页 | |
| 开本: | 24cm | |
| 丛书名: | ||
| 单 册: | ||
| 中图分类: | K892.321-49 , K892.3 | |
| 科图分类: | ||
| 主题词: | 满族--少数民族风俗习惯--中国--普及读物 | |
| 电子资源: | ||
| ISBN: | 978-7-207-11695-6 | |
| 000 | 01029nam0 2200241 450 | |
| 001 | 2329541290 | |
| 005 | 20230924081328.36 | |
| 010 | @a978-7-207-11695-6@dCNY58.00 | |
| 100 | @a20200408d2019 em y0chiy50 ea | |
| 101 | 0 | @achi |
| 102 | @aCN@b230000 | |
| 105 | @ay z 000yy | |
| 200 | 1 | @a串珠集@Achuan zhu ji@e满族民俗史话@f董凤芹编著 |
| 210 | @a哈尔滨@c黑龙江人民出版社@d2021 | |
| 215 | @a316页@d24cm | |
| 330 | @a本书是一部融知识性、学术性及可读性为一体的满族民俗历史文化普及读物,共设生活习俗、经济习俗、信仰习俗、文体习俗等四大部分,其中包括渔猎生产、衣食住行、艺术体育、宗教信仰等等方面,以翔实的史料,真实客观地反映满族传统文化、历史风貌及民俗风情,展示东北地区深厚的满族文化底蕴,及满族先民的聪明才智和伟大创造,并为满族文化的发展与传承做出贡献。 | |
| 517 | 1 | @a满族民俗史话@Aman zu min su shi hua |
| 606 | 0 | @a满族@x少数民族风俗习惯@y中国@j普及读物 |
| 690 | @aK892.321-49@v5 | |
| 690 | @aK892.3@v4 | |
| 701 | 0 | @a董凤芹@Adong feng qin@f(1967.2-)@4编著 |
| 801 | 0 | @aCN@b安徽时代@c20230923 |
| 905 | @aBZT@dK892.3@e20 | |
| 串珠集:满族民俗史话/董凤芹编著.-哈尔滨:黑龙江人民出版社,2021 |
| 316页;24cm |
| ISBN 978-7-207-11695-6:CNY58.00 |
| 本书是一部融知识性、学术性及可读性为一体的满族民俗历史文化普及读物,共设生活习俗、经济习俗、信仰习俗、文体习俗等四大部分,其中包括渔猎生产、衣食住行、艺术体育、宗教信仰等等方面,以翔实的史料,真实客观地反映满族传统文化、历史风貌及民俗风情,展示东北地区深厚的满族文化底蕴,及满族先民的聪明才智和伟大创造,并为满族文化的发展与传承做出贡献。 |
| ● |
| 相关链接 |
|
|
|
正题名:串珠集
索取号:K892.3/20
 
预约/预借
| 序号 | 登录号 | 条形码 | 馆藏地/架位号 | 状态 | 备注 |
| 1 | 2000926487 | 2000926487 | 第四书库/四30架A面5层2列/ [索取号:K892.3/20] | 在馆 | |
| 2 | 2000926488 | 2000926488 | 第四书库/四30架A面5层2列/ [索取号:K892.3/20] | 在馆 | |
| 3 | 2000926489 | 2000926489 | 第四书库/四30架A面5层2列/ [索取号:K892.3/20] | 在馆 | |
| 4 | 2000926490 | 2000926490 | 第四书库/四30架A面5层2列/ [索取号:K892.3/20] | 在馆 | |
| 5 | 2000926491 | 2000926491 | 第四书库/四30架A面5层2列/ [索取号:K892.3/20] | 在馆 | |
| 6 | 2000926492 | 2000926492 | 第四书库/四30架A面5层2列/ [索取号:K892.3/20] | 在馆 |